Základy logistiky I.

Guardado en:
Detalles Bibliográficos
Autores principales: Ceniga, Pavel (Autor), Majerčák, Peter (Autor)
Formato: Libro
Lenguaje:eslovaco
Publicado: Žilina : EDIS, 2007
Edición:1. vyd.
Materias:
Acceso en línea:OBSAH
Etiquetas: Agregar Etiqueta
Sin Etiquetas, Sea el primero en etiquetar este registro!

MARC

LEADER 00000nam a22000003a 4500
001 stu211214
005 20150617225801.3
008 100921s2007----xo------------------slo-d
020 |a 978-80-8070-749-1 
040 |a STU  |b slo 
041 0 |a slo 
044 |a xo 
080 |a 164  |7 stu_us_auth*stu3209 
080 |a 658.7 
100 1 |a Ceniga, Pavel  |4 aut 
245 1 |a Základy logistiky I. 
250 |a 1. vyd. 
260 |a Žilina :  |b EDIS,  |c 2007 
300 |a 140 s 
650 7 |a logistika  |2 stusub 
700 1 |a Majerčák, Peter  |4 aut 
856 4 |a https://sweb.mtf.stuba.sk/obsahy/zaklady_logistiky_1_07  |u https://sweb.mtf.stuba.sk/obsahy/zaklady_logistiky_1_07  |3 OBSAH 
996 |b 284J037610  |c J*112914  |l JJST  |s P  |a 0  |w stu211214_0001 
996 |b 284M079308  |c M*12923/1-1  |l MMST  |s A  |a 24  |w stu211214_0002 
996 |b 284M079309  |c M*12923/1-2  |l MMST  |s A  |a 24  |w stu211214_0003 
996 |b 284M079310  |c M*12923/1-3  |l MMKN  |s A  |a 24  |w stu211214_0004 
996 |b 284M079311  |c M*12923/1-4  |l MMKN  |s A  |a 24  |w stu211214_0005 
996 |b 284M079312  |c M*12923/1-5  |l MMST  |s A  |a 24  |w stu211214_0006